| 000 | 01320nam a2200301 a 4500 | ||
|---|---|---|---|
| 001 | 000022504 | ||
| 003 | DO-SdBNP | ||
| 005 | 20240927073747.0 | ||
| 008 | 101012s1979 sp ac r 001 scspa d | ||
| 020 | _a8449926548 | ||
| 040 |
_aDO-SdBNP _bspa _cBNPHU |
||
| 082 |
_aRD865.44 _bB171p |
||
| 100 | 1 |
_a Balaguer, Joaquín, _d1906-2002 _976556 |
|
| 245 | 1 | 0 |
_aPedestales : _bdiscursos históricos / _cJoaquín Balaguer. |
| 260 |
_aSanto Domingo : _b[s.n.], _c1979. _eBarcelona : |
||
| 300 |
_a167 p. : _bil., retrs. ; _c23 cm. |
||
| 490 | 1 |
_aDiscursos _v6 |
|
| 505 | 0 |
_tInvocación a Duarte -- _tJosé Martí -- _tSimón Bolívar -- _tBenito Juárez -- _tJosé de San Martín -- _tJuan Pablo Duarte -- _tFabio Fiallo -- _tSalomé Ureña -- _tGastón F. Deligne -- _tPedro Santana. |
|
| 590 | _aInventariado, 2019/MFF | ||
| 650 | 1 | 4 |
_aDiscursos presidenciales _910061 |
| 650 | 4 |
_aIntelectuales _zAmérica Latina _xEnsayos, conferencias, etc. _931869 |
|
| 650 | 1 | 4 |
_aLibertadores _zAmérica Latina _xEnsayos, conferencias, etc. _946352 |
| 651 | 1 | 4 |
_aRepública Dominicana _xHistoria _xEnsayos, conferencias, etc. _97095 |
| 651 | 1 | 4 |
_aRepública Dominicana _xPresidente(1966-1978: Balaguer{Rpara} _xEnsayos, conferencias, etc. _946353 |
| 830 | 0 |
_aDiscursos _v6 _912120 |
|
| 910 | _aValidado. Control de calidad EMS | ||
| 942 |
_2ddc _cLBS1 |
||
| 999 |
_c22002 _d22002 |
||